000 00400nam a2200157Ia 4500
008 210719s1876 xx 000 0 und d
041 _aeng
082 _a808.8 COLA
100 _aCOLLINS (W Lucas) Ed
245 _aAncient classics for English readers.
260 _bWilliam Blackwood and Sons
_c1876
300 _a197,170
_bHB
365 _cRs
650 _aLiterature
906 _aCicero Pliny
999 _c214143
_d214143